Diary of a wimpy kid : (Record no. 321861)
[ view plain ]
| 000 -LEADER | |
|---|---|
| fixed length control field | 02019nim a22004578i 4500 |
| 005 - DATE AND TIME OF LATEST TRANSACTION | |
| control field | 20200320221954.0 |
| 007 - PHYSICAL DESCRIPTION FIXED FIELD--GENERAL INFORMATION | |
| fixed length control field | sd fungnnuuneu |
| 008 - FIXED-LENGTH DATA ELEMENTS--GENERAL INFORMATION | |
| fixed length control field | 190912s2019 nnnn ## n eng d |
| 020 ## - INTERNATIONAL STANDARD BOOK NUMBER | |
| International Standard Book Number | 9781980056331 (audiobook) |
| -- | 9.99 |
| 040 ## - CATALOGING SOURCE | |
| Original cataloging agency | NjBwBT |
| Language of cataloging | eng |
| Transcribing agency | NjBwBT |
| Description conventions | rda |
| Modifying agency | CTMM |
| 050 14 - LIBRARY OF CONGRESS CALL NUMBER | |
| Classification number | PZ7.K6232 |
| Supplementary class number (MU) [OBSOLETE] | Dp 2019 |
| 082 04 - DEWEY DECIMAL CLASSIFICATION NUMBER | |
| Classification number | [Fic] |
| Edition number | 23 |
| 100 1# - MAIN ENTRY--PERSONAL NAME | |
| Personal name | Kinney, Jeff, |
| Relator term | author, |
| -- | illustrator. |
| 9 (RLIN) | 6011393 |
| 245 10 - TITLE STATEMENT | |
| Title | Diary of a wimpy kid : |
| Remainder of title | wrecking ball / |
| Statement of responsibility, etc | by Jeff Kinney. |
| 246 30 - VARYING FORM OF TITLE | |
| Title proper/short title | Wrecking ball. |
| 250 ## - EDITION STATEMENT | |
| Edition statement | Unabridged. |
| 264 #2 - Production, Publication, Distribution, Manufacture, and Copyright Notice. | |
| Place of production, publication, distribution, manufacture | Old Saybrook, Connecticut : |
| Name of producer, publisher, distributor, manufacturer | www.micromarketing.org |
| 264 #1 - Production, Publication, Distribution, Manufacture, and Copyright Notice. | |
| Place of production, publication, distribution, manufacture | [Prince Frederick, Maryland] : |
| Name of producer, publisher, distributor, manufacturer | [Recorded Books], |
| Date of production, publication, distribution, manufacture, or copyr | [2019]. |
| 300 ## - PHYSICAL DESCRIPTION | |
| Extent | 4 sound discs (approximately N/A hours) : |
| Other physical details | digital, CD audio ; |
| Dimensions | 4 3/4 in. |
| 336 ## - Content Type | |
| Content type term | spoken word |
| 337 ## - Media type | |
| Media type term | audio |
| 338 ## - Carrier type | |
| Carrier type term | audio disc |
| 344 ## - | |
| -- | digital |
| -- | optical |
| -- | rda |
| 347 ## - | |
| -- | audio file |
| -- | CD audio |
| -- | rda |
| 490 1# - SERIES STATEMENT | |
| Series statement | Diary of a wimpy kid ; |
| Volume number/sequential designation | 14. |
| 500 ## - GENERAL NOTE | |
| General note | [Typographic symbols and accents removed for systems compatibility.] |
| 511 1# - PARTICIPANT OR PERFORMER NOTE | |
| Participant or performer note | Read by Ramon De Ocampo. |
| 520 ## - SUMMARY, ETC. | |
| Summary, etc | When an unexpected inheritance gives Greg Heffley's family a chance to make big changes to their house, they soon discover that renovations may not be worth the effort. |
| 588 ## - | |
| -- | Title and description based on researched data; resource not viewed. |
| 650 #1 - SUBJECT ADDED ENTRY--TOPICAL TERM | |
| Topical term or geographic name as entry element | Diaries |
| Form subdivision | Fiction. |
| 9 (RLIN) | 5674805 |
| 650 #1 - SUBJECT ADDED ENTRY--TOPICAL TERM | |
| Topical term or geographic name as entry element | Dwellings |
| General subdivision | Maintenance and repair |
| Form subdivision | Fiction. |
| 9 (RLIN) | 5711529 |
| 650 #1 - SUBJECT ADDED ENTRY--TOPICAL TERM | |
| Topical term or geographic name as entry element | Family life |
| Form subdivision | Fiction. |
| 9 (RLIN) | 5674038 |
| 650 #1 - SUBJECT ADDED ENTRY--TOPICAL TERM | |
| Topical term or geographic name as entry element | Humorous stories. |
| 9 (RLIN) | 6011394 |
| 655 #7 - INDEX TERM--GENRE/FORM | |
| Genre/form data or focus term | Audiobooks. |
| Source of term | lcgft |
| 9 (RLIN) | 6011395 |
| 700 1# - ADDED ENTRY--PERSONAL NAME | |
| Personal name | Ocampo, Ramon de , |
| Relator term | narrator. |
| 9 (RLIN) | 68678 |
| 800 1# - SERIES ADDED ENTRY--PERSONAL NAME | |
| Personal name | Kinney, Jeff. |
| Title of a work | Diary of a wimpy kid (Series) ; |
| Volume/sequential designation | 14. |
| 9 (RLIN) | 5812770 |
| 942 ## - ADDED ENTRY ELEMENTS (KOHA) | |
| Koha item type | CD |
| 948 ## - LOCAL PROCESSING INFORMATION (OCLC); SERIES PART DESIGNATOR (RLIN) | |
| Series part designator, SPT (RLIN) | 09/20/2019 |
| z (OCLC) | Sirsi |
| 949 ## - LOCAL PROCESSING INFORMATION (OCLC) | |
| n | www.MicroMarketing.org 800-229-9887 |
| 996 ## - | |
| -- | 170099 |
| -- | 34301001602244 |
| -- | JCD |
| -- | CD |
| -- | wcl |
| -- | i |
| -- | 2 |
| -- | 14.99 |
| -- | .CIRCNOTE. 2 discs |
| -- | micromarketing |
| -- | Kin |
| -- | 12/19/2019 |
| -- | 03/17/2020 |
| -- | 02/24/2020 |
| Withdrawn status | Lost status | Source of classification or shelving scheme | Materials specified (bound volume or other part) | Damaged status | Not for loan | Collection code | Home library | Current library | Shelving location | Date acquired | Cost, normal purchase price | Total Checkouts | Total Renewals | Full call number | Barcode | Date last seen | Date checked out | Cost, replacement price | Price effective from | Koha item type |
|---|---|---|---|---|---|---|---|---|---|---|---|---|---|---|---|---|---|---|---|---|
| Dewey Decimal Classification | .CIRCNOTE. 2 discs | Junior Audiobooks | Wasatch County Library | Wasatch County Library | Main Floor Junior Area | 12/19/2019 | 14.99 | 8 | 5 | J CD Kinney | 34301001602244 | 07/08/2025 | 06/28/2025 | 14.99 | 03/20/2020 | Audiobook on CD |
